Methodological Approaches for Workplace Research and Management.

This book explores a wide range of methodological approaches to examining various forms of workplace physical environments.

Bibliographic Details
Main Author: Tagliaro, Chiara.
Other Authors: Orel, Marko., Hua, Ying.
Format: eBook
Language:English
Published: Milton : CRC Press LLC, 2023.
Edition:1st ed.
Series:Transdisciplinary Workplace Research and Management Series
Subjects:
Online Access:Click to View
LEADER 03297nam a22004333i 4500
001 EBC30733612
003 MiAaPQ
005 20231204023231.0
006 m o d |
007 cr cnu||||||||
008 231204s2023 xx o ||||0 eng d
020 |a 9781000892642  |q (electronic bk.) 
020 |z 9781032267685 
035 |a (MiAaPQ)EBC30733612 
035 |a (Au-PeEL)EBL30733612 
035 |a (OCoLC)1397571255 
040 |a MiAaPQ  |b eng  |e rda  |e pn  |c MiAaPQ  |d MiAaPQ 
082 0 |a 658.2 
100 1 |a Tagliaro, Chiara. 
245 1 0 |a Methodological Approaches for Workplace Research and Management. 
250 |a 1st ed. 
264 1 |a Milton :  |b CRC Press LLC,  |c 2023. 
264 4 |c ©2023. 
300 |a 1 online resource (327 pages) 
336 |a text  |b txt  |2 rdacontent 
337 |a computer  |b c  |2 rdamedia 
338 |a online resource  |b cr  |2 rdacarrier 
490 1 |a Transdisciplinary Workplace Research and Management Series 
505 0 |a Intro -- Cover Page -- Half-Title Page -- Series Page -- Title Page -- Copyright Page -- Dedication page -- Contents -- Foreword by Rianne Appel-Meulenbroek and Vitalija Danivska -- Preface: Expanding the understanding of methodological approaches for workplace research and management in the new era -- 1 Outlook: Collecting methods for transdisciplinary workplace research and management -- 2 Workplace autoethnography: Exploring the place through aspects of the self -- 3 Affective ethnography: Interpreting body language in the workplace fieldwork -- 4 Digital ethnography: Understanding platform labour from within -- 5 Critical discourse analysis: Studying the symbolic aspects of workplaces -- 6 Diary studies: Capturing real-time experiences in the workplace -- 7 Cluster analysis: Grouping workers by work location choice -- 8 Stated choice experiments: Identifying workplace preferences and behaviours -- 9 Delphi method: Reaching consensus on workplace performance -- 10 Social network analysis: Studying social interactions and relations in the workplace -- 11 Surveys: Gathering data for workplace post-occupancy evaluation -- 12 Space syntax: Examining human-workplace behavior through isovists and shortest paths -- 13 Journey mapping: Describing the spatial experience of workplace users -- 14 Compendium: Choosing methods for workplace research and management -- 15 Wind-up: On methodological takeaways and the importance of workplace research -- Index. 
520 |a This book explores a wide range of methodological approaches to examining various forms of workplace physical environments. 
588 |a Description based on publisher supplied metadata and other sources. 
590 |a Electronic reproduction. Ann Arbor, Michigan : ProQuest Ebook Central, 2023. Available via World Wide Web. Access may be limited to ProQuest Ebook Central affiliated libraries.  
655 4 |a Electronic books. 
700 1 |a Orel, Marko. 
700 1 |a Hua, Ying. 
776 0 8 |i Print version:  |a Tagliaro, Chiara  |t Methodological Approaches for Workplace Research and Management  |d Milton : CRC Press LLC,c2023  |z 9781032267685 
797 2 |a ProQuest (Firm) 
830 0 |a Transdisciplinary Workplace Research and Management Series 
856 4 0 |u https://ebookcentral.proquest.com/lib/matrademy/detail.action?docID=30733612  |z Click to View